Thanh Hải - Hoàng Trung Thông - Bằng Việt - Viễn Phương - Tế Hanh - Phạm Tiến Duật - Nguyễn Minh Huệ Tuyển chọn và trích dẫn những bài phê bình. Bình luận văn học của các nhà văn. Nghiên cứu Việt Nam và thế giới
Wedi'i Gadw mewn:
| Prif Awdur: | |
|---|---|
| Fformat: | Llyfr |
| Cyhoeddwyd: |
Khánh Hoà
Tổng hợp Khánh Hoà
1992
|
| Cyfres: | Phê bình bình luận văn học
|
| Pynciau: | |
| Tagiau: |
Ychwanegu Tag
Dim Tagiau, Byddwch y cyntaf i dagio'r cofnod hwn!
|
| Thư viện lưu trữ: | Trung tâm Học liệu Lê Vũ Hùng, Trường Đại học Đồng Tháp |
|---|
| LEADER | 01265pam a22003138a 4500 | ||
|---|---|---|---|
| 001 | 00018072 | ||
| 005 | 20171026081022.0 | ||
| 008 | 110423s1992 ||||||Viesd | ||
| 020 | |c 4100 | ||
| 041 | 0 | # | |a Vie |
| 082 | 1 | 4 | |a 809.707 |b TH107H |
| 100 | 0 | # | |a Vũ Tiến Quỳnh |
| 245 | 0 | 0 | |a Thanh Hải - Hoàng Trung Thông - Bằng Việt - Viễn Phương - Tế Hanh - Phạm Tiến Duật - Nguyễn Minh Huệ |b Tuyển chọn và trích dẫn những bài phê bình. Bình luận văn học của các nhà văn. Nghiên cứu Việt Nam và thế giới |c Vũ Tiến Quỳnh |
| 260 | # | # | |a Khánh Hoà |b Tổng hợp Khánh Hoà |c 1992 |
| 300 | # | # | |a 113tr. |c 21cm. |
| 490 | # | # | |a Phê bình bình luận văn học |
| 650 | # | 4 | |a Bằng Việt |
| 650 | # | 4 | |a Hoàng Trung Thông |
| 650 | # | 4 | |a Viễn Phương |
| 650 | # | 4 | |a Tế Hanh |
| 650 | # | 4 | |a Thanh Hải |
| 650 | # | 4 | |a Phạm Tiến Duật |
| 650 | # | 4 | |a Nguyễn Minh Huệ |
| 653 | # | # | |a Việt Nam |
| 653 | # | # | |a Phê bình văn học |
| 852 | # | # | |b Kho đọc |j KD.0003393 |
| 852 | # | # | |j KD.0003393 |
| 910 | |d 23/04/2011 | ||
| 980 | # | # | |a Trung tâm Học liệu Lê Vũ Hùng, Trường Đại học Đồng Tháp |